Qué enseña la psicología a la educación

Saved in:
Bibliographic Details
Main Author: Symonds, Percival M (Author)
Format: Book
Language:Spanish
Published: Buenos Aires Paidós 1964
Series:Biblioteca del Educador Contemporáneo, 9
Subjects:
Tags: Add Tag
No Tags, Be the first to tag this record!

MARC

LEADER 00000nam a2200000 a 4500
001 UCU0653
003 CL-VaPUC
008 960322e19640000AG |||||||||||||||||spa|d
082 0 4 |a 370.15  |b SYM  |2 21 
100 0 |a Symonds, Percival M  |e author  |9 356007 
245 1 0 |a Qué enseña la psicología a la educación 
300 |a 181 p 
942 |c BK 
945 |d 19960322 00:00:00  |a paguirre 
260 |a Buenos Aires  |b Paidós  |c 1964 
650 0 |a Psicología educacional   |9 307830 
650 0 |a Motivación   |9 315362 
650 7 |a CASTIGOS ESCOLARES  |2 CL-VaPUC  |9 339741 
650 0 |a Aprendizaje   |9 254827 
650 0 |a Emociones   |9 265224 
650 7 |a PSICOLOGIA AFECTIVA  |2 CL-VaPUC  |9 356008 
583 |a last modification  |c 19960322 00:00:00  |k Rodrigo Vera 
490 0 |a Biblioteca del Educador Contemporáneo, 9 
999 |c 245491  |d 245489 
952 |0 0  |1 0  |4 0  |6 370_150000000000000_SYM_1964  |7 0  |8 P  |9 260009  |a BIBEDU  |b BIBEDU  |c BIBEDU_PB  |d 2019-11-19  |i 1637800  |o 370.15 SYM 1964  |p 1637800  |r 2024-01-25  |w 2019-11-19  |y BK  |k EDU